000
00244nam a22001097a 4500
082
_a
667.9 WIN'E
100
_a
WINTER, EDWARD
_9
78918
245
_a
ENAMEL PAINTING TECHNIQUES
260
_a
NEWYORK
_b
PRAEGER
_c
1970
300
_a
86P
942
_c
BK
999
_c
583987
_d
583987